000 00482nam a2200181Ia 4500
005 20240709021614.0
008 240331s9999 xx 000 0 und d
020 _a0415905087
082 _a155
_bMEY
100 _aMeyers, D.T
245 0 _aSubjection and subjectivity :
_bpsychoanalytic feminism and moral philosophy
260 _aNew York
_bRoutledge
_c1994
300 _aix, 199 p .,
650 _aFeminist Ethics
650 _aGender
650 _aPsychoanalysis
942 _cL
999 _c750
_d750